المرجع في شرح قانون المباني الجديد / (Record no. 73854)
[ view plain ]
| 000 -LEADER | |
|---|---|
| fixed length control field | 02045nam a2200361 i 4500 |
| 003 - CONTROL NUMBER IDENTIFIER | |
| control field | EG-GICUC |
| 005 - DATE AND TIME OF LATEST TRANSACTION | |
| control field | 20260428114449.0 |
| 008 - FIXED-LENGTH DATA ELEMENTS--GENERAL INFORMATION | |
| fixed length control field | 260428s1994 ua ||||fr|||| 00| 0 ara d |
| 017 ## - COPYRIGHT OR LEGAL DEPOSIT NUMBER | |
| Copyright or legal deposit number | 94/4709 |
| 020 ## - INTERNATIONAL STANDARD BOOK NUMBER | |
| International Standard Book Number | 977007022 |
| 040 ## - CATALOGING SOURCE | |
| Original cataloging agency | EG-GICUC |
| Language of cataloging | ara |
| Transcribing agency | EG-GICUC |
| Modifying agency | EG-GICUC |
| Description conventions | rda |
| 041 0# - LANGUAGE CODE | |
| Language code of text/sound track or separate title | ara |
| 082 04 - DEWEY DECIMAL CLASSIFICATION NUMBER | |
| Edition number | 21 |
| Classification number | 345 |
| Item number | م ح . م |
| 092 04 - LOCALLY ASSIGNED DEWEY CALL NUMBER (OCLC) | |
| Edition number | 21 |
| 099 ## - LOCAL FREE-TEXT CALL NUMBER (OCLC) | |
| Classification number | Law1 07 345 م ح . م 2 - ed 1994 |
| 100 0# - MAIN ENTRY--PERSONAL NAME | |
| Personal name | محمود عبد الحكيم عبد الرسول |
| Relator term | مؤلف. |
| 245 12 - TITLE STATEMENT | |
| Title | المرجع في شرح قانون المباني الجديد / |
| Statement of responsibility, etc. | .محمد ابراهيم الوالي |
| 250 ## - EDITION STATEMENT | |
| Edition statement | الطبعة الثانية. |
| 264 ## - PRODUCTION, PUBLICATION, DISTRIBUTION, MANUFACTURE, AND COPYRIGHT NOTICE | |
| Place of production, publication, distribution, manufacture | [مكان الناشر غير محدد] : |
| Name of producer, publisher, distributor, manufacturer | [اسم الناشر غير محدد], |
| Date of production, publication, distribution, manufacture, or copyright notice | 1994. |
| 300 ## - PHYSICAL DESCRIPTION | |
| Extent | 522؛ صفحة |
| Dimensions | 24 سم |
| 336 ## - CONTENT TYPE | |
| Source | rda content |
| Content type term | text |
| 337 ## - MEDIA TYPE | |
| Source | rda media |
| Media type term | Computer |
| 338 ## - CARRIER TYPE | |
| Source | rda carrier |
| Carrier type term | Online Resource |
| 504 ## - BIBLIOGRAPHY, ETC. NOTE | |
| Bibliography, etc. note | . 522-514ببليوجرافيا: صفحات. |
| 504 ## - BIBLIOGRAPHY, ETC. NOTE | |
| Bibliography, etc. note | يشتمل علي ارجاعات ببليوجرافية |
| 505 ## - FORMATTED CONTENTS NOTE | |
| Formatted contents note | يتناول بالتفصيل المشكلات العملية في التصالح في المباني جريمة إستئناف أعمال البناء السابق وقفها بالطريق الإداري جريمة البناء بدون ترخيص والجرائم الملحقة بها هل يجوز مصادرة المباني المخالفة ؟؟ جريمة البناء خارج خط التنظيم جريمة البناء المخالف للمواصفات جريمة البناء على أرض غير مقسمة جريمة البناء المخالف للرسومات جريمة البناء دون وضع لافتة أحدث أحكام النقض في المباني ملحق بقوانين المباني أهم القيود والأوصاف |
| 546 ## - LANGUAGE NOTE | |
| Language note | النص باللغة العربية |
| 650 1# - SUBJECT ADDED ENTRY--TOPICAL TERM | |
| Topical term or geographic name entry element | القانون الإداري |
| Source of heading or term | qrmak |
| 651 1# - SUBJECT ADDED ENTRY--GEOGRAPHIC NAME | |
| Source of heading or term | qrmak |
| 856 40 - ELECTRONIC LOCATION AND ACCESS | |
| Uniform Resource Identifier | <a href="https://fll.law.cu.edu.eg/fulltext/bks/B07-04390.pdf">https://fll.law.cu.edu.eg/fulltext/bks/B07-04390.pdf</a> |
| 905 ## - Cataloger and Reviser Names | |
| Cataloger Name: | Soha Mohamed |
| 942 ## - ADDED ENTRY ELEMENTS (KOHA) | |
| Source of classification or shelving scheme | Dewey Decimal Classification |
| Suppress in OPAC | No |
| Koha item type | Books |
| Edition | 21 |
| Withdrawn status | Lost status | Source of classification or shelving scheme | Damaged status | Not for loan | Collection | Home library | Current library | Date acquired | Total checkouts | Full call number | Barcode | Date last seen | Copy number | Price effective from | Koha item type |
|---|---|---|---|---|---|---|---|---|---|---|---|---|---|---|---|
| Dewey Decimal Classification | Not for loan | القانون الإداري | جــــامعة القــاهرة | مكتبة كلية الحقوق - المبنى الرئيسي | 28.04.2026 | Law1 07 345 م ح . م 2 - ed 1994 0704309 C1 | B07-04390 | 28.04.2026 | 1 | 28.04.2026 | Books |